[Event "Lvov Bobersky 150 ann"]
[Site "Lvov"]
[Date "2023.12.19"]
[Round "14"]
[White "Prohorov, Olexandr"]
[Black "Voloshchuk, Svyatoslav"]
[Result "0-1"]
[WhiteElo "2086"]
[BlackElo "1653"]
[PlyCount "58"]
[EventDate "2023.12.19"]
[EventType "tourn (blitz)"]
[EventRounds "14"]
[EventCountry "UKR"]
[SourceTitle "CB52_2023"]
[SourceDate "2023.12.27"]
[SourceVersion "1"]
[SourceVersionDate "2023.12.27"]
[SourceQuality "1"]

1. d4 Nf6 2. c4 c5 3. d5 b5 4. f3 b4 5. e4 d6 6. b3 g6 7. a4 bxa3 8. Rxa3 Bg7 9. Bd3 0-0 10. Ne2 Na6 11. Bd2 Nb4 12. Bc3 a5 13. 0-0 Bd7 14. Qd2 Ne8 15. Bxg7 Nxg7 16. Nbc3 Qb6 17. f4 Nxd3 18. Qxd3 f5 19. e5 Rfb8 20. Rfa1 Qb4 21. Nb5 Bxb5 22. cxb5 Rxb5 23. Kh1 Rb7 24. Nc3 Qxf4 25. exd6 exd6 26. Rxa5 Rxa5 27. Rxa5 Qc1+ 28. Nd1 Re7 29. Qf1 Qd2 0-1

[Event "Brody Bryvka Memorial"]
[Site "Brody"]
[Date "2023.12.17"]
[Round "1"]
[White "Chugai, Volodymyr"]
[Black "Voloshchuk, Svyatoslav"]
[Result "1/2-1/2"]
[WhiteElo "1462"]
[BlackElo "1998"]
[PlyCount "53"]
[EventDate "2023.12.17"]
[EventType "swiss"]
[EventRounds "9"]
[EventCountry "UKR"]
[SourceTitle "CB51_2023"]
[SourceDate "2023.12.20"]
[SourceVersion "1"]
[SourceVersionDate "2023.12.20"]
[SourceQuality "1"]

1. e4 e5 2. Nf3 Nc6 3. Bb5 a6 4. Bxc6 dxc6 5. h3 Nf6 6. Nc3 Nd7 7. 0-0 Bd6 8. d4 0-0 9. dxe5 Nxe5 10. Nxe5 Bxe5 11. Qxd8 Rxd8 12. Be3 Be6 13. a3 b6 14. f4 Bd4 15. Bxd4 Rxd4 16. Rfd1 Rad8 17. Rxd4 Rxd4 18. Rd1 c5 19. f5 Rxd1+ 20. Nxd1 Bc8 21. Kf2 f6 22. Ke3 Kf7 23. Kf4 Bb7 24. g4 Ke7 25. h4 Kd6 26. Ne3 b5 27. g5 1/2-1/2

[Event "Brody Bryvka Memorial"]
[Site "Brody"]
[Date "2023.12.17"]
[Round "7"]
[White "Khilchuk, Ivan"]
[Black "Voloshchuk, Svyatoslav"]
[Result "1-0"]
[WhiteElo "1798"]
[BlackElo "1998"]
[PlyCount "89"]
[EventDate "2023.12.17"]
[EventType "swiss"]
[EventRounds "9"]
[EventCountry "UKR"]
[SourceTitle "CB51_2023"]
[SourceDate "2023.12.20"]
[SourceVersion "1"]
[SourceVersionDate "2023.12.20"]
[SourceQuality "1"]

1. d4 Nf6 2. c4 e5 3. dxe5 Ng4 4. Nf3 Nc6 5. Nc3 Ngxe5 6. e3 g6 7. Be2 Bg7 8. 0-0 0-0 9. Nd5 d6 10. Qc2 Re8 11. h3 Bf5 12. Qb3 Na5 13. Qb4 c5 14. Qa4 Nxf3+ 15. Bxf3 Be4 16. Bd2 Bxf3 17. gxf3 Nc6 18. f4 Qc8 19. Bc3 Bxc3 20. bxc3 Kg7 21. Kg2 b6 22. Rae1 Na5 23. f3 Rd8 24. e4 Rb8 25. Kf2 Qa6 26. Qb5 Qb7 27. h4 Qd7 28. Qxd7 Rxd7 29. h5 Nxc4 30. h6+ Kxh6 31. Nf6 Rdb7 32. Rh1+ Kg7 33. Nxh7 f6 34. f5 Ne5 35. Reg1 g5 36. f4 Nd3+ 37. Kf3 Nxf4 38. Nxg5 fxg5 39. Rxg5+ Kf6 40. Kxf4 Rg7 41. Rh6+ Kf7 42. Rxg7+ Kxg7 43. Rxd6 Rh8 44. Rd7+ Kf6 45. e5# 1-0

[Event "Morshyn All Ukranian 1st"]
[Site "Morshyn"]
[Date "2023.07.08"]
[Round "6"]
[White "Korobov, Yuriy"]
[Black "Voloshchuk, Svyatoslav"]
[Result "1/2-1/2"]
[WhiteElo "2086"]
[BlackElo "1665"]
[PlyCount "40"]
[EventDate "2023.07.08"]
[EventType "swiss (rapid)"]
[EventRounds "9"]
[EventCountry "UKR"]
[SourceTitle "CBM 215 Extra"]
[Source "ChessBase"]
[SourceDate "2023.09.30"]
[SourceVersion "1"]
[SourceVersionDate "2023.09.30"]
[SourceQuality "1"]

1. d4 Nf6 2. Bf4 c5 3. e3 e6 4. Nc3 Nc6 5. Nf3 cxd4 6. exd4 Bb4 7. Bd3 Nd5 8. Bd2 Nxc3 9. bxc3 Be7 10. 0-0 0-0 11. Re1 Bf6 12. h4 d5 13. Ng5 g6 14. f4 a6 15. h5 Bxg5 16. fxg5 Bd7 17. Bf4 Rc8 18. Qf3 e5 19. dxe5 Be6 20. Rab1 Na5 1/2-1/2

[Event "Morshyn All Ukranian 1st"]
[Site "Morshyn"]
[Date "2023.07.08"]
[Round "9"]
[White "Voloshchuk, Svyatoslav"]
[Black "Biletskyy, Dmytro"]
[Result "0-1"]
[WhiteElo "1665"]
[BlackElo "1926"]
[PlyCount "146"]
[EventDate "2023.07.08"]
[EventType "swiss (rapid)"]
[EventRounds "9"]
[EventCountry "UKR"]
[SourceTitle "CBM 215 Extra"]
[Source "ChessBase"]
[SourceDate "2023.09.30"]
[SourceVersion "1"]
[SourceVersionDate "2023.09.30"]
[SourceQuality "1"]

1. b3 d5 2. Bb2 Nf6 3. f4 g6 4. Nf3 Bg7 5. e3 0-0 6. Be2 c5 7. 0-0 Nc6 8. Bb5 Bd7 9. Bxc6 Bxc6 10. Ne5 Qc7 11. d4 Rfd8 12. Nd2 Rac8 13. c3 Nd7 14. Ndf3 f6 15. Ng4 Bb5 16. Re1 Nf8 17. Rc1 Bd7 18. Nf2 cxd4 19. exd4 Qxf4 20. Ba3 e6 21. Nd3 Qc7 22. Nc5 b6 23. Nd3 Re8 24. Qd2 Bb5 25. Nf2 Rcd8 26. Ng4 Bc6 27. Re2 h5 28. Nf2 e5 29. dxe5 fxe5 30. Rce1 Bb5 31. c4 dxc4 32. Qg5 cxb3 33. Rc1 Qxc1+ 34. Bxc1 Bxe2 35. axb3 e4 36. Nh4 Rd6 37. Ba3 Rf6 38. Qe3 Bb5 39. h3 Kh7 40. Bb2 Rfe6 41. Bxg7 Kxg7 42. g4 Kh7 43. Kh2 Nd7 44. gxh5 gxh5 45. Qg5 Be2 46. Qf5+ Kg7 47. Qg5+ Kf7 48. Qf5+ Ke7 49. Ng6+ Kd8 50. Nf4 Rf6 51. Qg5 Kc8 52. h4 Bf3 53. Qd5 Rxf4 54. Qa8+ Nb8 55. Nh3 Rg4 56. Ng5 Rd8 57. Nxf3 exf3 58. Qxf3 Rxh4+ 59. Kg3 Rg4+ 60. Kh3 Kc7 61. Qf7+ Rd7 62. Qf3 Nc6 63. Qf5 Rgd4 64. Qxh5 Rd3+ 65. Kg2 Rxb3 66. Qh2+ Kb7 67. Qh6 a5 68. Kf1 Rb2 69. Qh5 a4 70. Qg4 Rf7+ 71. Ke1 a3 72. Qc4 Rh7 73. Qe4 Re7 0-1

[Event "Kiev Blitz Marathon"]
[Site "Kiev"]
[Date "2023.04.23"]
[Round "44"]
[White "Leshchyshak, Igor"]
[Black "Voloshchuk, Svyatoslav"]
[Result "1/2-1/2"]
[WhiteElo "2010"]
[BlackElo "1548"]
[PlyCount "74"]
[EventDate "2023.04.22"]
[EventType "tourn (blitz)"]
[EventRounds "54"]
[EventCountry "UKR"]
[SourceTitle "CBM 213 Extra"]
[Source "ChessBase"]
[SourceDate "2023.05.31"]
[SourceVersion "1"]
[SourceVersionDate "2023.05.31"]
[SourceQuality "1"]

1. e4 Nf6 2. e5 Ng8 3. d4 d6 4. f4 c6 5. Nf3 Bf5 6. Bd3 Bxd3 7. Qxd3 Qa5+ 8. Bd2 Qa6 9. Qe3 dxe5 10. fxe5 e6 11. Nc3 Ne7 12. Ne4 Nf5 13. Qf4 Be7 14. g4 Nh4 15. Nd6+ Bxd6 16. Nxh4 Be7 17. Nf3 Qc4 18. Qe4 Nd7 19. b3 Qd5 20. Qxd5 cxd5 21. Ke2 Rc8 22. Kd3 Nb6 23. h4 0-0 24. a4 Rc6 25. a5 Na8 26. c4 Rfc8 27. Rhc1 Nc7 28. c5 Nb5 29. b4 h6 30. g5 h5 31. g6 f5 32. Rg1 a6 33. Bg5 Bf8 34. Bd2 Be7 35. Bg5 Bf8 36. Bd2 Be7 37. Bg5 Bf8 1/2-1/2

[Event "Kiev Blitz Marathon"]
[Site "Kiev"]
[Date "2023.04.23"]
[Round "46"]
[White "Mikhalsky, Vladimir"]
[Black "Voloshchuk, Svyatoslav"]
[Result "1-0"]
[WhiteElo "2269"]
[BlackElo "1548"]
[PlyCount "77"]
[EventDate "2023.04.22"]
[EventType "tourn (blitz)"]
[EventRounds "54"]
[EventCountry "UKR"]
[SourceTitle "CBM 213 Extra"]
[Source "ChessBase"]
[SourceDate "2023.05.31"]
[SourceVersion "1"]
[SourceVersionDate "2023.05.31"]
[SourceQuality "1"]

1. c4 Nf6 2. Nc3 e5 3. g3 Nc6 4. Bg2 Bc5 5. e3 d6 6. Nge2 0-0 7. a3 a5 8. d3 Bg4 9. h3 Bd7 10. 0-0 Ba7 11. Kh2 Rb8 12. b4 Ne7 13. d4 exd4 14. exd4 d5 15. c5 c6 16. Bd2 Rc8 17. bxa5 Bf5 18. Na4 Be4 19. Nb6 Bxb6 20. axb6 Nf5 21. Bf4 Re8 22. f3 Nh5 23. fxe4 dxe4 24. g4 Nxf4 25. Rxf4 Ne3 26. Qd2 Nd5 27. Rxe4 Qh4 28. Ng3 Nf6 29. Rf4 Nd5 30. Bxd5 cxd5 31. Re1 Qg5 32. Rxe8+ Rxe8 33. Qf2 Qe7 34. Nf5 Qd7 35. Nd6 Re7 36. Rxf7 Rxf7 37. Qxf7+ Qxf7 38. Nxf7 Kxf7 39. c6 1-0

[Event "Kiev Blitz Marathon"]
[Site "Kiev"]
[Date "2023.04.23"]
[Round "23"]
[White "Voloshchuk, Svyatoslav"]
[Black "Alexikov, Alexander"]
[Result "0-1"]
[WhiteElo "1548"]
[BlackElo "2223"]
[PlyCount "88"]
[EventDate "2023.04.22"]
[EventType "tourn (blitz)"]
[EventRounds "54"]
[EventCountry "UKR"]
[SourceTitle "CBM 213 Extra"]
[Source "ChessBase"]
[SourceDate "2023.05.31"]
[SourceVersion "1"]
[SourceVersionDate "2023.05.31"]
[SourceQuality "1"]

1. e4 c5 2. Nf3 d6 3. d4 cxd4 4. Nxd4 Nf6 5. Nc3 a6 6. Bg5 Nbd7 7. f4 Qb6 8. Nb3 e6 9. Qd2 Be7 10. 0-0-0 Qc7 11. g4 h6 12. Bxf6 Nxf6 13. Rg1 g5 14. f5 b5 15. fxe6 Bxe6 16. Nd4 Bxg4 17. Be2 Be6 18. Nd5 Qc5 19. Nxf6+ Bxf6 20. Nxe6 fxe6 21. Qxd6 Qxd6 22. Rxd6 Ke7 23. Rgd1 Ra7 24. Bg4 h5 25. Rxe6+ Kf7 26. Rf1 Rh6 27. e5 hxg4 28. Rfxf6+ Rxf6 29. Rxf6+ Kg7 30. Kd2 Re7 31. Rxa6 Rxe5 32. a4 Rf5 33. axb5 Rxb5 34. b3 Rf5 35. Re6 Kf7 36. Re2 Rf3 37. Rg2 Rh3 38. b4 Ke6 39. Rxg4 Rxh2+ 40. Kd3 Kf5 41. Rg1 g4 42. Rf1+ Ke5 43. Re1+ Kf4 44. c4 g3 0-1

[Event "Kiev Blitz Marathon"]
[Site "Kiev"]
[Date "2023.04.23"]
[Round "33"]
[White "Voloshchuk, Svyatoslav"]
[Black "Nykonenko, Oleg"]
[Result "1-0"]
[WhiteElo "1548"]
[BlackElo "1744"]
[PlyCount "95"]
[EventDate "2023.04.22"]
[EventType "tourn (blitz)"]
[EventRounds "54"]
[EventCountry "UKR"]
[SourceTitle "CBM 213 Extra"]
[Source "ChessBase"]
[SourceDate "2023.05.31"]
[SourceVersion "1"]
[SourceVersionDate "2023.05.31"]
[SourceQuality "1"]

1. g4 d5 2. Bg2 c5 3. h3 Nc6 4. c4 e6 5. Nf3 Nf6 6. b3 h5 7. g5 Ne4 8. h4 dxc4 9. bxc4 Nd6 10. d3 Qa5+ 11. Bd2 Qb6 12. Nc3 Nd4 13. Rb1 Qc7 14. Bf4 a6 15. Nxd4 cxd4 16. Ne4 Qa5+ 17. Bd2 Qc7 18. Qb3 Nxe4 19. Bxe4 Rb8 20. Bb4 Bd6 21. Qa3 Bxb4+ 22. Qxb4 b6 23. c5 b5 24. Qxd4 0-0 25. 0-0 Rd8 26. Qe3 b4 27. g6 f6 28. Bf3 e5 29. Bxh5 Rd4 30. Qg3 Be6 31. e3 Rxd3 32. Be2 Rd2 33. Qf3 a5 34. Qh5 Kf8 35. Qh8+ Bg8 36. Bc4 Ke7 37. Qxg7+ Kd8 38. Qxg8+ Kd7 39. Qe6+ Kd8 40. Rfd1 Qd7 41. Rxd2 Qxd2 42. g7 Kc7 43. g8Q Rxg8+ 44. Qxg8 Qc2 45. Qf7+ Kc6 46. Qd5+ Kc7 47. Qd6+ Kc8 48. Ba6# 1-0

[Event "Kiev Blitz Marathon"]
[Site "Kiev"]
[Date "2023.04.23"]
[Round "35"]
[White "Voloshchuk, Svyatoslav"]
[Black "Skliarov, Olexandr"]
[Result "0-1"]
[WhiteElo "1548"]
[BlackElo "2137"]
[PlyCount "86"]
[EventDate "2023.04.22"]
[EventType "tourn (blitz)"]
[EventRounds "54"]
[EventCountry "UKR"]
[SourceTitle "CBM 213 Extra"]
[Source "ChessBase"]
[SourceDate "2023.05.31"]
[SourceVersion "1"]
[SourceVersionDate "2023.05.31"]
[SourceQuality "1"]

1. d4 Nf6 2. Nc3 d5 3. Bf4 c6 4. e3 Bf5 5. f3 Qb6 6. Na4 Qa5+ 7. c3 Nbd7 8. g4 Bg6 9. h4 h5 10. g5 Ng8 11. b4 Qd8 12. Bd3 Bxd3 13. Qxd3 g6 14. Ne2 Bg7 15. Bh2 e5 16. f4 e4 17. Qc2 b5 18. Nc5 Nxc5 19. bxc5 Ne7 20. Ng3 f6 21. f5 fxg5 22. fxg6 gxh4 23. Ne2 Nxg6 24. Rg1 Qf6 25. Nf4 Nxf4 26. Bxf4 Qf7 27. Qh2 Bf6 28. Kd2 0-0-0 29. a4 b4 30. cxb4 Rdg8 31. Qe2 Qb7 32. b5 h3 33. Qh2 Qd7 34. bxc6 Qxc6 35. Qxh3+ Qd7 36. Rxg8+ Rxg8 37. Qxh5 Bd8 38. Qh2 Ba5+ 39. Kc2 Qg4 40. Qe2 Qg2 41. Qxg2 Rxg2+ 42. Kb3 Rd2 43. Ka3 Rd3+ 0-1

[Event "Kiev Blitz Marathon"]
[Site "Kiev"]
[Date "2023.04.23"]
[Round "29"]
[White "Voloshchuk, Svyatoslav"]
[Black "Skliarov, Viktor"]
[Result "0-1"]
[WhiteElo "1548"]
[BlackElo "2384"]
[PlyCount "70"]
[EventDate "2023.04.22"]
[EventType "tourn (blitz)"]
[EventRounds "54"]
[EventCountry "UKR"]
[SourceTitle "CBM 213 Extra"]
[Source "ChessBase"]
[SourceDate "2023.05.31"]
[SourceVersion "1"]
[SourceVersionDate "2023.05.31"]
[SourceQuality "1"]

1. e4 c5 2. Nf3 Nc6 3. d4 cxd4 4. Nxd4 Nf6 5. Nc3 e5 6. Ndb5 d6 7. Bg5 a6 8. Na3 b5 9. Nd5 Be7 10. Bxf6 Bxf6 11. c4 b4 12. Nc2 a5 13. g3 Bg5 14. h4 Bh6 15. Nce3 Bxe3 16. Nxe3 Nd4 17. Be2 Bb7 18. Nd5 0-0 19. 0-0 Rc8 20. b3 Bxd5 21. cxd5 Rc3 22. Bg4 g6 23. Rc1 h5 24. Rxc3 bxc3 25. Be2 Qb6 26. Bc4 Rc8 27. Kg2 Kg7 28. Qd3 c2 29. f4 f6 30. f5 gxf5 31. exf5 Qb4 32. Rc1 Qa3 33. Qd2 Qxa2 34. Qc3 a4 35. Ra1 c1Q+ 0-1

[Event "Brody Bryvko Memorial 2nd"]
[Site "Brody"]
[Date "2022.12.11"]
[Round "4"]
[White "Kutsyk, Roman"]
[Black "Voloshchuk, Svyatoslav"]
[Result "0-1"]
[WhiteElo "1470"]
[BlackElo "1548"]
[PlyCount "108"]
[EventDate "2022.12.11"]
[EventType "swiss (blitz)"]
[EventRounds "9"]
[EventCountry "UKR"]
[SourceTitle "CBM 211 Extra"]
[Source "ChessBase"]
[SourceDate "2023.01.31"]
[SourceVersion "1"]
[SourceVersionDate "2023.01.31"]
[SourceQuality "1"]

1. d4 f5 2. Nc3 Nf6 3. Bg5 d5 4. Bxf6 gxf6 5. Nf3 e6 6. a3 Nd7 7. e3 c6 8. Nh4 Qe7 9. Be2 Qg7 10. Bh5+ Kd8 11. g3 Bd6 12. f4 Nb6 13. Qe2 Nc4 14. Rb1 Bd7 15. 0-0 Rg8 16. Kh1 Qh6 17. a4 Nxe3 18. Qxe3 Qxh5 19. b4 b6 20. b5 c5 21. a5 Rc8 22. axb6 axb6 23. Na4 cxd4 24. Qxd4 Rc4 25. Qxb6+ Bc7 26. Qa7 Rxc2 27. Qe3 Qe2 28. Qxe2 Rxe2 29. Rfc1 e5 30. b6 Bb8 31. fxe5 fxe5 32. Nc5 f4 33. Nxd7 Kxd7 34. gxf4 e4 35. Rf1 Rg4 36. Nf5 Rgg2 37. Rfd1 Rxh2+ 38. Kg1 Reg2+ 39. Kf1 Ra2 40. Kg1 Bxf4 41. b7 Rhg2+ 42. Kf1 Rh2 43. Kg1 Rag2+ 44. Kf1 Rg8 45. Nd4 Be3 46. Ne2 Rf8+ 47. Ke1 Rh1+ 48. Ng1 Rxg1+ 49. Ke2 Rxd1 50. Kxd1 Ba7 51. Ke2 Kc6 52. Rc1+ Kxb7 53. Rb1+ Kc6 54. Rc1+ Bc5 0-1

[Event "Brody Bryvko Memorial 2nd"]
[Site "Brody"]
[Date "2022.12.11"]
[Round "5"]
[White "Voloshchuk, Svyatoslav"]
[Black "Korchevskyi, Volodymyr"]
[Result "1-0"]
[WhiteElo "1548"]
[BlackElo "1244"]
[PlyCount "57"]
[EventDate "2022.12.11"]
[EventType "swiss (blitz)"]
[EventRounds "9"]
[EventCountry "UKR"]
[SourceTitle "CBM 211 Extra"]
[Source "ChessBase"]
[SourceDate "2023.01.31"]
[SourceVersion "1"]
[SourceVersionDate "2023.01.31"]
[SourceQuality "1"]

1. e4 c5 2. Nf3 e6 3. c3 d5 4. e5 Nc6 5. Na3 a6 6. Nc2 Nge7 7. d4 Nf5 8. Bd3 cxd4 9. Bxf5 exf5 10. Ncxd4 Bc5 11. 0-0 0-0 12. Be3 Qe7 13. Bg5 Qc7 14. Re1 Be6 15. Qd2 Na5 16. Qf4 Bxd4 17. Nxd4 Qc4 18. Qg3 Kh8 19. Re3 h6 20. Qh4 Nc6 21. Bxh6 f6 22. Bxg7+ Kxg7 23. Nxe6+ Kf7 24. Qxc4 dxc4 25. Nxf8 Rxf8 26. exf6 Kxf6 27. Rd1 Ne5 28. Rd6+ Ke7 29. Rd5 1-0

[Event "Brody Bryvko Memorial 2nd"]
[Site "Brody"]
[Date "2022.12.11"]
[Round "1"]
[White "Voloshchuk, Svyatoslav"]
[Black "Malankevych, Vitalii"]
[Result "1-0"]
[WhiteElo "1548"]
[BlackElo "1039"]
[PlyCount "45"]
[EventDate "2022.12.11"]
[EventType "swiss (blitz)"]
[EventRounds "9"]
[EventCountry "UKR"]
[SourceTitle "CBM 211 Extra"]
[Source "ChessBase"]
[SourceDate "2023.01.31"]
[SourceVersion "1"]
[SourceVersionDate "2023.01.31"]
[SourceQuality "1"]

1. e4 e5 2. Nf3 Nc6 3. Bc4 Nf6 4. Ng5 Bc5 5. Nxf7 Bxf2+ 6. Kf1 Qe7 7. Nxh8 d5 8. exd5 Nd4 9. Kxf2 Qc5 10. d3 Nxc2+ 11. Kg3 Nxa1 12. Nc3 Bg4 13. Qg1 Qd6 14. Nb5 Qf8 15. Nxc7+ Kd7 16. Nxa8 Qxh8 17. Qxa7 Ke7 18. Qxb7+ Bd7 19. d6+ Kf8 20. Bg5 Nh5+ 21. Kf2 Nc2 22. Qxd7 Nf6 23. Qf7# 1-0

[Event "Lvov Buturina Memorial 2nd"]
[Site "Lvov"]
[Date "2022.11.18"]
[Round "1"]
[White "Voloshchuk, Svyatoslav"]
[Black "Bykovskiy, Oleg"]
[Result "1-0"]
[WhiteElo "1548"]
[BlackElo "2207"]
[PlyCount "99"]
[EventDate "2022.11.18"]
[EventType "swiss (rapid)"]
[EventRounds "9"]
[EventCountry "UKR"]
[SourceTitle "CBM 212 Extra"]
[Source "ChessBase"]
[SourceDate "2023.03.31"]
[SourceVersion "1"]
[SourceVersionDate "2023.03.31"]
[SourceQuality "1"]

1. d4 d6 2. Nc3 g6 3. e4 Bg7 4. Nf3 a6 5. a4 Nf6 6. h3 0-0 7. Be2 Nbd7 8. Be3 c6 9. 0-0 d5 10. e5 Ne8 11. a5 f6 12. exf6 Bxf6 13. Bh6 Ng7 14. Ng5 Re8 15. Bg4 Nf8 16. f4 Qd6 17. Nf3 Nf5 18. Bxf5 gxf5 19. Bxf8 Qxf4 20. Bxe7 Rxe7 21. Kh1 Qg3 22. Ne2 Qd6 23. Qd2 Bd7 24. Nf4 Rae8 25. c3 Bg7 26. Rae1 Re4 27. Nd3 Bh6 28. Qd1 Rf8 29. Nc5 Rxe1 30. Rxe1 Bc8 31. Ne5 Bg7 32. Ncd3 Qh6 33. Qf3 f4 34. Kg1 Qg5 35. Kh1 h5 36. Qf2 Qf5 37. Qf3 Bh6 38. Nc5 Rd8 39. Ncd3 Qg5 40. Rf1 Rf8 41. Nc5 Kh7 42. Qf2 Qf6 43. Ncd7 Bxd7 44. Nxd7 Qd6 45. Nxf8+ Qxf8 46. Qc2+ Kg7 47. Qe2 Qf5 48. Qe7+ Kh8 49. Qxb7 Qd3 50. Re1 1-0